Soccer - The 10 worst national teams 2023 according to FIFA - Statistics

General Stats
  • This quiz has been taken 31 times
  • The average score is 4 of 10
Answer Stats
Position FIFA score Answer % Correct
210 741.6 San Marino
100%
203 833 Liechtenstein
71%
201 840.8 Gibraltar
61%
204 822 Sri Lanka
39%
207 807.6 British Virgin Islands
29%
208 796.8 US Virgin Islands
29%
209 785.7 Anguilla
25%
205 821.9 Guam
25%
206 818.6 Turks and Caicos
18%
202 835.8 Bahamas
14%
No matching quizzes found
Score Distribution
Percent of People with Each Score
Percentile by Number Answered
Your Score History
You have not taken this quiz